| 000 | 00639nam a2200193Ii 4500 | ||
|---|---|---|---|
| 003 | JO-AjNU | ||
| 008 | 230605s9999||||xx |||||||||||||| ||und|| | ||
| 040 |
_aJO-AjNU _bara _erda _cJO-AjNU |
||
| 041 | _aara | ||
| 050 | 1 | 4 | _aR128.3.S3242 1983 |
| 100 | 3 |
_aالشرقاوي ، حسن محمد, _eauthor _98792 |
|
| 245 | 0 | 0 | _aالطب النفسي النبوي |
| 264 | 3 | 1 | _aالاسكندرية,دار المطبوعات الجديدة ، 1983 |
| 300 | _a308ص | ||
| 336 |
_atext _btxt _2rdacontent |
||
| 337 |
_aunmediated _bn _2rdamedia |
||
| 338 |
_avolume _bnc _2rdacarrier |
||
| 650 | 4 |
_aالطب النبوي-الطب العربي _98793 |
|
| 999 |
_aA969 _c4537 _d4537 |
||